[Event "Nairobi op"]
[Site "Nairobi"]
[Date "2023.04.06"]
[Round "1"]
[White "Lukoko, Moses"]
[Black "Amos, Simiyu"]
[Result "0-1"]
[WhiteElo "1496"]
[BlackElo "1833"]
[PlyCount "78"]
[EventDate "2023.04.06"]
[EventType "swiss"]
[EventRounds "9"]
[EventCountry "KEN"]
[SourceTitle "EXT 2024"]
[Source "ChessBase"]
[SourceDate "2023.10.10"]
[SourceVersion "1"]
[SourceVersionDate "2023.10.10"]
[SourceQuality "1"]

1. e4 e5 2. Nf3 Nc6 3. d4 exd4 4. Nxd4 Bc5 5. Be3 Qf6 6. c3 Nge7 7. Be2 d6 8. 0-0 a6 9. Nxc6 Nxc6 10. Bxc5 dxc5 11. Nd2 Be6 12. Nc4 0-0 13. Qc2 Rad8 14. Rad1 Qf4 15. Ne3 Ne7 16. Rxd8 Rxd8 17. Rd1 Rd6 18. g3 Rxd1+ 19. Qxd1 Qd6 20. Qxd6 cxd6 21. c4 Nc6 22. Nc2 Kf8 23. f4 f6 24. Kf2 Ke7 25. Ke3 Kd7 26. h4 Ne7 27. g4 Kc6 28. b4 b5 29. cxb5+ axb5 30. a3 Kb6 31. f5 Bb3 32. Ne1 Nc6 33. Nd3 Bc4 34. bxc5+ dxc5 35. Bd1 b4 36. axb4 cxb4 37. Ba4 Bxd3 38. Kxd3 Kc5 39. g5 Kd6 0-1

[Event "KEN-ch"]
[Site "Nairobi"]
[Date "2021.12.27"]
[Round "3"]
[White "Amos, Simiyu"]
[Black "Waiganjo, Kenneth"]
[Result "1-0"]
[WhiteElo "1943"]
[BlackElo "1533"]
[PlyCount "69"]
[EventDate "2021.12.26"]
[EventType "swiss"]
[EventRounds "9"]
[EventCountry "KEN"]
[SourceTitle "EXT 2023"]
[Source "ChessBase"]
[SourceDate "2022.10.05"]
[SourceVersion "1"]
[SourceVersionDate "2022.10.05"]
[SourceQuality "1"]

1. d4 g6 2. c4 Bg7 3. Nc3 d6 4. Nf3 Nf6 5. Bg5 Nbd7 6. e3 h6 7. Bh4 e5 8. Bd3 c6 9. Qc2 Qe7 10. 0-0 0-0 11. Rfd1 Re8 12. b4 a5 13. b5 g5 14. Bg3 Nh5 15. dxe5 dxe5 16. Rab1 Nxg3 17. hxg3 Nc5 18. Bh7+ Kh8 19. Nd2 Bg4 20. f3 Be6 21. Nce4 f5 22. Nxc5 Qxc5 23. Bxf5 Qxe3+ 24. Kh2 Bxf5 25. Qxf5 Rad8 26. Ne4 Qb6 27. Nd6 Rf8 28. Nf7+ Kg8 29. Rxd8 Qxd8 30. Nxd8 Rxf5 31. Nxb7 cxb5 32. cxb5 e4 33. fxe4 Rf2 34. Nxa5 Rxa2 35. Nc6 1-0

[Event "KEN-ch"]
[Site "Nairobi"]
[Date "2021.12.27"]
[Round "4"]
[White "Nzioki, Thomas"]
[Black "Amos, Simiyu"]
[Result "0-1"]
[WhiteElo "1642"]
[BlackElo "1943"]
[PlyCount "83"]
[EventDate "2021.12.26"]
[EventType "swiss"]
[EventRounds "9"]
[EventCountry "KEN"]
[SourceTitle "EXT 2023"]
[Source "ChessBase"]
[SourceDate "2022.10.05"]
[SourceVersion "1"]
[SourceVersionDate "2022.10.05"]
[SourceQuality "1"]

1. d4 d5 2. Bf4 c6 3. e3 Bf5 4. Bd3 Bxd3 5. Qxd3 e6 6. Nf3 Nf6 7. Nbd2 Nbd7 8. 0-0 Be7 9. Rfe1 0-0 10. e4 dxe4 11. Nxe4 Nxe4 12. Rxe4 Nf6 13. Re2 Rc8 14. Rd1 Qb6 15. c4 Rfd8 16. Qc2 Qa6 17. a3 b5 18. c5 Qb7 19. Rde1 a5 20. h3 Rd5 21. Be5 Nd7 22. b4 Ra8 23. Qb2 Nf6 24. Nd2 Rdd8 25. Ne4 Nd5 26. Nc3 Qd7 27. Re4 Ra7 28. Nxd5 Qxd5 29. bxa5 Raa8 30. R4e3 Rxa5 31. Rg3 f6 32. Bf4 Ra4 33. Bh6 Bf8 34. Qe2 Re8 35. Be3 Rxa3 36. h4 e5 37. dxe5 Rxe5 38. Rd1 Qe6 39. Qd2 Be7 40. Bd4 Re4 41. Re3 Rexe3 42. Bxe3 0-1

[Event "All Africa Games Kenya qual fin"]
[Site "Nairobi"]
[Date "2019.03.01"]
[Round "2.5"]
[White "Amos, Simiyu"]
[Black "Atwoli, Joseph"]
[Result "0-1"]
[WhiteElo "1958"]
[BlackElo "1993"]
[PlyCount "31"]
[EventDate "2019.03.01"]
[EventType "swiss"]
[EventRounds "11"]
[EventCountry "KEN"]
[SourceTitle "EXT 2024"]
[Source "ChessBase"]
[SourceDate "2023.10.10"]
[SourceVersion "1"]
[SourceVersionDate "2023.10.10"]
[SourceQuality "1"]

1. d4 d5 2. c4 Bf5 3. Nc3 e6 4. Nf3 Nc6 5. Bg5 f6 6. Bh4 Qd7 7. e3 g5 8. cxd5 exd5 9. Bg3 h5 10. h4 g4 11. Ng1 Bd6 12. Bxd6 Qxd6 13. Nge2 Nge7 14. g3 Nb4 15. e4 dxe4 16. a3 0-1

[Event "All Africa Games Kenya qual"]
[Site "Nairobi"]
[Date "2019.02.02"]
[Round "4.3"]
[White "Nguku Namale, Ben"]
[Black "Amos, Simiyu"]
[Result "0-1"]
[WhiteElo "2049"]
[BlackElo "1870"]
[PlyCount "48"]
[EventDate "2019.02.01"]
[EventType "swiss"]
[EventRounds "6"]
[EventCountry "KEN"]
[SourceTitle "EXT 2024"]
[Source "ChessBase"]
[SourceDate "2023.10.10"]
[SourceVersion "1"]
[SourceVersionDate "2023.10.10"]
[SourceQuality "1"]

1. d4 d5 2. Nf3 c6 3. c4 Nf6 4. Nc3 Bf5 5. Qb3 Qb6 6. Qxb6 axb6 7. cxd5 Nxd5 8. Nxd5 cxd5 9. e3 Nc6 10. Bb5 f6 11. Bd2 e6 12. 0-0 Bd6 13. Rfc1 Kd7 14. Nh4 Bg4 15. f4 Rhc8 16. h3 g5 17. hxg4 gxh4 18. Be1 Rg8 19. Bxh4 Rxg4 20. Bxf6 Rag8 21. Rc2 R4g6 22. Bh4 Rg4 23. Be1 Ke7 24. g3 Bxf4 0-1